| 000 | 00658nam a2200217 i 4500 | ||
|---|---|---|---|
| 001 | bgj | ||
| 245 | 0 | 0 |
_aAmerica's great hideaways / _cNational Geographic Society. |
| 260 |
_aWashington D.C. : _bNational Geographic Society, _ccop. 1986. |
||
| 300 |
_a199 pp : _bcol. photos ; _c26 cm. |
||
| 504 | _aBibliography: p. 199. | ||
| 505 | _aIncludes index. | ||
| 650 | 9 |
_aUnited States _xDescription and travel _y1981- |
|
| 650 | 9 |
_aNorth America _xDescription and travel _y1981- |
|
| 655 | _aGuide-books | ||
| 020 | _a087044591X | ||
| 040 | _cBPK | ||
| 041 | 0 | _aeng | |
| 920 | _a0-87044-591-X | ||
| 942 | _cKS | ||
| 008 | s uk f |000 0 eng | ||
| 999 |
_c47610 _d47610 |
||